Al-Murshid-Ul-Amin Fi Sharah Al-Injil-Ul-Mubeen. (Record no. 8080)

MARC details
000 -LEADER
fixed length control field 00600nam a2200241 a 4500
020 ## - INTERNATIONAL STANDARD BOOK NUMBER
ISBN
082 00 - DEWEY DECIMAL CLASSIFICATION NUMBER
Classification number 226.3
Author Cutter BOR
100 ## - MAIN ENTRY--AUTHOR NAME
Author name Borter, Douglas
245 ## - TITLE STATEMENT
Title Al-Murshid-Ul-Amin Fi Sharah Al-Injil-Ul-Mubeen.
260 ## - PUBLICATION, DISTRIBUTION, ETC. (IMPRINT)
Place of publication Cairo
Name of publisher Nile Mission Press
Year of publication 1927
300 ## - PHYSICAL DESCRIPTION
Number of Pages 112p
500 ## - GENERAL NOTE
General note includes index and biblioraphy
505 2# - FORMATTED CONTENTS NOTE
Formatted contents note index
650 ## - SUBJECT ADDED ENTRY--TOPICAL TERM
Topical Term Bible N.T. Gospel Mark
942 ## - ADDED ENTRY ELEMENTS (KOHA)
Koha item type
700 1# -
-- Borter, Douglas
Holdings
Home library Current library Date acquired Cost, normal purchase price Full call number Accession Number Koha item type
Henry Martyn Institute Library Henry Martyn Institute Library 06/20/2007 100.00 226.3 BOR 13331 Archive Book
                   Copyright © 2026 | Henry Martyn Institute | Hyderabad | TS-500052 | INDIA | Implemented by hmi.edu.in
Hit-Count:

Powered by Koha